| 000 | 006370000a22002050004500 | ||
|---|---|---|---|
| 020 | _a958-9383-07-6 | ||
| 041 | 0 | _aSPA | |
| 082 | 0 | 4 | _aG 001.40218 I17t |
| 110 | 1 | _aICONTEC | |
| 245 | 1 | 0 | _aTesis y otros trabajos de grados. Compendio / ICONTEC |
| 260 | _aBogotá, Colombia : | ||
| 300 | _a[pag. varía] | ||
| 505 | 0 | 0 | _aNorma 1486 -- Norma 1075 -- Norma 1487 -- Norma 1160 -- Norma 1307 -- Norma 4490. |
| 650 | 1 | 4 | _aMETODOLOGIA DE LA INVESTIGACION \ TESIS Y DISERTACIONES ACADEMICAS |
| 001 | 970 | ||
| 942 | _cBK | ||
| 999 |
_c32357 _d32357 |
||
| 336 |
_atexto _btxt _2rdacontent |
||
| 337 |
_2rdamedia _asin mediación _bn |
||
| 338 |
_2rdacarrier _avolumen _bnc |
||